000 00950cam a2200301I 4500
001 4358719
003 ARRUPE
005 20151112155850.0
008 770705s1957 ilu 000 0 eng
010 _a 58003120
035 _a(OCoLC)ocm03094302
035 _a(NNC)4358719
040 _aDLC
_cOCP
_dOCL
050 0 _aHQ616
_b.Y6
082 _a392
_a301.42*
100 1 _aYoung, Michael Dunlop,
_d1915-2002.
_921118
245 1 0 _aFamily and kinship in East London
_c[by] Michael Young & Peter Willmott.
260 _aMiddlesex,
_bPenguins Books
_c1962
300 _a222 p.;
_c23 cm.
490 1 _aReports of the Institute of Community Studies ;
_v1
504 _aBibliography: p. 223-26.
650 0 _aKinship.
_9185
650 0 _aFamilies
_zEngland
_zLondon.
_921119
700 1 _aWillmott, Peter,
_eauthor.
_921120
830 0 _aReports of the Institute of Community Studies ;
_v1.
_921121
942 _2lcc
_cMONOGRAPH
999 _c123799
_d123799